| 000 | 00724nam a2200217Ia 4500 | ||
|---|---|---|---|
| 999 |
_c26788 _d26788 |
||
| 003 | OSt | ||
| 005 | 20210205124920.0 | ||
| 008 | 160316s2010 xxu||||| |||| 00| 0 eng d | ||
| 020 | _a9780195699333 | ||
| 040 | _c. | ||
| 082 |
_a320.01 _bBHA |
||
| 100 | _aBhargava Rajeev | ||
| 245 | _aWhat is political theory and why do we need it | ||
| 260 |
_aNew Delhi _bOxford University Press _c2010 |
||
| 300 |
_a406p _cxv |
||
| 365 | _b Rs. 795 | ||
| 505 | _aCONTENTS; I What is Political Theory And Why Do we Need It? II Normative Frameworks; III In The Face of Injustice; IV Modernity And Identity; V Philosophy of Social Science; Index. | ||
| 650 | _a1. Political Theories | ||
| 700 |
_a _a |
||
| 942 |
_2ddc _cBK |
||